MARC

LEADER 00000nas a22000007a 4500
001 ssj0000314892
003 WaSeSS
005 20200512172242.0
006 m d
007 cr n
008 091117c20099999ii fr p s 0 0eng
010 |a  2009306890 
022 |a 0253-7184  |l 1998-3816 
025 |a I-E-E-2009-306890; 41 
035 |a (WaSeSS)ssj0000314892 
040 |a DLC  |b eng  |c DLC  |d DLC  |d OCLCA  |d OCLCQ  |d OCLCF  |d OCLCO  |d CUI  |d OCLCO  |d OCLCQ  |d OCLCO  |d OCLCA  |d CRU  |d WaSeSS 
042 |a pcc 
043 |a a-ii--- 
050 4 |a RC201.A1 
245 0 0 |a Indian journal of sexually transmitted diseases and AIDS  |h [electronic resource]. 
246 1 3 |a IJSTD & AIDS 
260 |a Mumbai :  |b Published for IASSTD & AIDS by Medknow Publications & Media Pvt. Ltd.,  |c 2009- 
310 |a Semiannual 
362 0 |a Vol. 30, issue 1 (Jan./June 2009)- 
500 |a "Incorporating Indian journal of sexually transmitted diseases, an official publication of Indian Association for the Study of Sexually Transmitted Diseases & AIDS." 
506 |a License restrictions may limit access. 
650 0 |a Sexually transmitted diseases  |v Periodicals. 
650 0 |a Sexually transmitted diseases  |z India  |v Periodicals. 
650 0 |a AIDS (Disease)  |v Periodicals. 
650 0 |a AIDS (Disease)  |z India  |v Periodicals. 
650 7 |a AIDS (Disease)  |2 fast  |0 (OCoLC)fst00793808 
650 7 |a Sexually transmitted diseases.  |2 fast  |0 (OCoLC)fst01114952 
650 2 |a Sexually Transmitted Diseases. 
650 2 |a Acquired Immunodeficiency Syndrome. 
651 7 |a India.  |2 fast  |0 (OCoLC)fst01210276 
651 2 |a India. 
655 0 |a Electronic journals. 
710 2 |a Indian Association for the Study of Sexually Transmitted Diseases & AIDS. 
780 0 0 |t Indian journal of sexually transmitted diseases  |w (OCoLC)7857217 
856 4 0 |z Full text available from Research Library: 01/01/2009 to present  |u https://search.proquest.com/publication/226503